Word Ladder: Going Underground Quiz Stats

 Plays Quiz Updated Jan 7, 2017

Support Sporcle.
Go Orange.
Score 0/46 Timer 05:00
0 Plays Today
Hint 4-Letter Word % Correct
Not richPOOR
95.3%
Playboy founder HefnerHUGH
95.1%
Location for swimmingPOOL
94.7%
Sheep's coatWOOL
94%
EmbracesHUGS
93.6%
LADDER 1: Tall or elevated**HIGH**
92.6%
Shakes, like a dog's tailWAGS
92.2%
Section of a hospitalWARD
92%
End product of logging**WOOD**
90.8%
Unit of languageWORD
90.6%
Earth's satelliteMOON
89.4%
Mathematical averageMEAN
89.2%
Witches and cronesHAGS
89.1%
To complainMOAN
88.4%
Roman campaigns against Carthage: The Punic ___WARS
88.4%
Price for riding the busFARE
87.2%
Uncultivated upland**MOOR**
86.7%
Lacking lightDARK
84.4%
Central part of an appleCORE
84.1%
Put things in a suitcase before traveling PACK
83.9%
A public garden**PARK**
83.8%
Pew or armchair, e.g.SEAT
83.7%
'I double-dog ___ you!'DARE
82.8%
Hint 4-Letter Word % Correct
Golf warningFORE
82%
A narrow road**LANE**
81.8%
Map comment: 'You are ___'HERE
80.8%
Solo, like the RangerLONE
79.6%
Piece of data in sportsSTAT
77.9%
Long-eared mammalHARE
77.7%
Tempo or rate of movementPACE
77.5%
Painstaking or watchful attentionCARE
77.1%
Delicate material often used in garment makingLACE
77.1%
Ned Stark actor BeanSEAN
76.3%
Extra, in addition**MORE**
74.8%
Body of tradition or knowledgeLORE
71.1%
2000 Eminem single featuring Dido**STAN**
70.2%
Simple or insignificantMERE
70.1%
Shallow river crossingFORD
69%
Decomposing vegetable matter reused as fuelPEAT
68.8%
Male peer of the realmLORD
67.1%
Prescribed personal outcomeFATE
57.9%
LADDER 2: An entrance or doorway**GATE**
55.3%
Cheeky or upbeatPERT
55.1%
Strong and healthyHALE
51.5%
Persian winged spirit or fairy**PERI**
23.6%
Latin for 'farewell'**VALE**
22.4%

Today's Daily Dose

Word Ladder
New Dimensions!

Quick Pick
'Animal' Fish

Get the Picture
Bird or Food?

You're not logged in!

Compare scores with friends on all Sporcle quizzes.
OR
Log In
Forgot?

From the Vault

There Oughta Be a Show

by HappyWife

The real question is, which network should we pitch all these amazing show ideas to?
Remove Ads.
Support Sporcle.
Get the best of Sporcle when you Go Orange. This ad-free experience offers more features, more stats, and more fun while also helping to support Sporcle. Thank you for becoming a member.

Show Comments

Extras

Top Quizzes Today


Score Distribution

Your Account Isn't Verified!

In order to create a playlist on Sporcle, you need to verify the email address you used during registration. Go to your Sporcle Settings to finish the process.

Report this User

Report this user for behavior that violates our Community Guidelines.

Details: